Vetranie a čiastočná klimatizácia administratívnej budovy s aplikáciou tepelného čerpadla ako zdroja tepla a chladu

Na minha lista:
Detalhes bibliográficos
Autor principal: Mačuha, Marek (Author)
Outros Autores: Straková, Zuzana (Thesis advisor)
Formato: Manuscrito Livro
Idioma:eslovaco
Publicado em: 2023
Assuntos:
Acesso em linha:http://is.stuba.sk/zp/portal_zp.pl?podrobnosti=170369
https://opac.crzp.sk/?fn=detailBiblioForm&sid=EC7951772ACC837B5C7BC3A56A1E
Tags: Adicionar Tag
Sem tags, seja o primeiro a adicionar uma tag!

MARC

LEADER 00000ntm a22000003a 4500
001 stuzp93623
003 SK-STU
005 20230919111458.0
007 ta
008 150427s2015----xo-----f-mn---000-0-slo-d
040 |a STU  |b slo 
041 0 |a slo 
100 1 |a Mačuha, Marek  |u 010290  |4 aut  |U SvF Stavebná fakulta  |T SvF Katedra technických zariadení budov  |X 92923  |U V290  |Y 31  |7 92923 
242 0 1 |a Ventilation and partial air conditioning of the office building with the application of the heat pump as a source of heat and cold  |y eng 
245 1 0 |a Vetranie a čiastočná klimatizácia administratívnej budovy s aplikáciou tepelného čerpadla ako zdroja tepla a chladu 
260 |c 2023 
650 4 |a Administratívna budova  |2 slo 
650 4 |a Tepelné čerpadlo  |2 slo 
650 4 |a Vetranie nebytového objektu  |2 slo 
650 4 |a Office building  |2 eng 
650 4 |a Partial air conditioning of the office building  |2 eng 
650 4 |a Heat pump  |2 eng 
700 1 |a Straková, Zuzana  |u 010290  |k Z1  |4 ths  |U SvF Stavebná fakulta  |T SvF Katedra technických zariadení budov  |X 1647  |U V290  |Y 31  |7 1647 
856 4 |u http://is.stuba.sk/zp/portal_zp.pl?podrobnosti=170369 
856 4 |u https://opac.crzp.sk/?fn=detailBiblioForm&sid=EC7951772ACC837B5C7BC3A56A1E